Islands by Satellite Image #9 - Statistics

General Stats
  • This quiz has been taken 75 times
  • The average score is 4 of 16
Answer Stats
Picture Answer % Correct
Tristan da Cunha
64%
Saint Martin
43%
Bonaire
41%
Flores
36%
Bougainville
34%
Isabela
30%
Viti Levu
30%
Gozo
25%
Kangaroo Island
25%
Formentera
20%
Chios
18%
Melville Island
16%
Phuket
16%
Samar
16%
Capri
9%
Cocos Island
5%
No matching quizzes found
Score Distribution
Percent of People with Each Score
Percentile by Number Answered
Your Score History
You have not taken this quiz